01056cpcaa2200277 a 4500001001300000003000400013005001700017008004100034010001700075040002400092041001300116072001200129110002200141245003800163300001400201506002200215520023000237533003500467546005000502580005700552651005700609651005700666651001600723651002200739999001700761mm 79003296 DLC20260227111643.0791217|||||||||||| swe  amm 79003296  aDLCcDLCedacsdDLC asweaeng 7aC2lcmd1 aSweden.bArmén.00aSwedish army records,f1637-1902. a8fitems.0 aOpen to research.8 aPhotocopies of pages from registers of Swedish troops stationed along the Delaware River, particularly in New Jersey, from 1637 to 1655; together with U.S. State Dept. Correspondence (1903) in English concerning the records. aPositive photocopies.b[S.l.]. aCollection material in Swedish, with English. aForms part of: Miscellaneous Manuscripts collection. 0aDelaware River Valley (N.Y.-Del. and N.J.)xHistory. 0aNew JerseyxHistoryyColonial period, ca. 1600-1775. 0aNew Sweden. 0aSwedenxColonies. c41289d41289